Statistics for FIFA World Cup 2014: Qualified Teams

Click here to take the quiz!

General Stats

  • This quiz has been taken 1,187 times
  • The average score is 28 of 32

Answer Stats

Hint Answer % Correct
South America (host)Brazil
100%
North AmericaUnited States
97%
EuropeSpain
96%
AsiaJapan
96%
South AmericaArgentina
96%
North AmericaMexico
95%
EuropeEngland
95%
EuropeFrance
94%
EuropeGermany
94%
EuropeItaly
92%
AsiaSouth Korea
92%
EuropeNetherlands
92%
EuropePortugal
92%
South AmericaChile
92%
South AmericaUruguay
91%
South AmericaColombia
87%
EuropeBelgium
86%
EuropeRussia
85%
AfricaGhana
85%
AsiaAustralia
85%
AfricaNigeria
85%
North AmericaCosta Rica
84%
AfricaIvory Coast
84%
AfricaCameroon
83%
AsiaIran
82%
EuropeSwitzerland
82%
EuropeCroatia
80%
EuropeGreece
79%
North AmericaHonduras
79%
AfricaAlgeria
78%
South AmericaEcuador
78%
EuropeBosnia and Herzegovina
72%

Score Distribution

Percentile by Number Answered

Percent of People with Each Score

Your Score History

You have not taken this quiz